000
00322nam a22001337a 4500
008
250716b |||||||| |||| 00| 0 eng d
020
_a
0670772895
050
_a
HD75
_b
.G38
100
_a
MYHRYOLD Nathan
245
_a
The Road Ahead
260
_a
United States
_b
William H Gates
_c
1995
300
_a
xiv, 286p.
942
_c
BK
999
_c
4306
_d
4306